| 000 -LEADER |
| fixed length control field |
01988pab a2200157 454500 |
| 008 - FIXED-LENGTH DATA ELEMENTS--GENERAL INFORMATION |
| fixed length control field |
180718b2000 xxu||||| |||| 00| 0 eng d |
| 100 ## - MAIN ENTRY--PERSONAL NAME |
| Personal name |
Bevan, Philippa |
| 245 ## - TITLE STATEMENT |
| Title |
The successful use of consultancies in aid-financed public sector management reform: a consultants eye view of some things which matter |
| 260 ## - PUBLICATION, DISTRIBUTION, ETC. |
| Date of publication, distribution, etc. |
2000 |
| 300 ## - PHYSICAL DESCRIPTION |
| Extent |
p.289-304 |
| 362 ## - DATES OF PUBLICATION AND/OR SEQUENTIAL DESIGNATION |
| Dates of publication and/or sequential designation |
Oct |
| 520 ## - SUMMARY, ETC. |
| Summary, etc. |
Independent consultants, often contracted through consusltancy firms, are important players in donor attempts to trigger and guide institutional change processes in recipient government structures and practices. However, little is known about the efficacy or `success' of such consultancies. This article explores some of the issues involved. Following a discussion of the problems of defining `success', we present an analytical framework which can be used in all kinds of contexts to generate information relevant to institutional change programmes, and to the design of consultancies to help carry the change processes along. Such information can be used to predict the likely success of intervening at all, for designing the elements of an intervention, and for ongoing monitoring of implementation. We apply the framework to eight consultancies which were undertaken in three different change contexts: post-communist regimes in the early transitional period; aid-dependent regimes committed to `politics-as-usual' and the longer-term highjacking of donor funds by patron-clientelist structures. We summarize the main lessons which emerge from our case studies in the form of criteria for judging whether and how (responsible) donors and/or consultants should get involved in change projects. Donors, consultancy companies and consultants should all be thinking of ways to exclude irresponsible parties and behaviour from aid-financed institutional transformation processes. - Reproduced |
| 650 ## - SUBJECT ADDED ENTRY--TOPICAL TERM |
| Topical term or geographic name entry element |
Public administration |
| 773 ## - HOST ITEM ENTRY |
| Main entry heading |
Public Administration and Development |
| 909 ## - |
| -- |
46788 |